[Event "Challenge"]
[Site "http://www.queenalice.com/game.php?id=592783"]
[Date "2009.5.23"]
[Round "-"]
[White "Corus"]
[Black "chabin"]
[Result "1-0"]
[WhiteElo "1500"]
[BlackElo "1428"]

1. d4 c5 2. d5 d6 3. e4 Qb6 4. Nc3 Nd7 5. Nf3 Ngf6 6. Bd3 g6 7. O-O Ng4 8. Nd2
Nde5 9. Nf3 Bg7 10. Nxe5 Nxe5 11. Bf4 Ng4 12. Bd2 Nf6 13. Re1 Bg4 14. Be2 h5 15.
Bxg4 Nxg4 16. b3 Be5 17. g3 h4 18. Qxg4 hxg3 19. fxg3 Qb4 20. Qf3 O-O-O 21. a3
Qb6 22. Kg2 Rh7 23. Rad1 Rdh8 24. Rh1 Rh5 25. Qxf7 c4 26. Na4 Qc7 27. Qxg6 R5h6
28. Bxh6 1-0

[Event "Challenge"]
[Site "http://www.queenalice.com/game.php?id=593554"]
[Date "2009.5.25"]
[Round "-"]
[White "chapichapo"]
[Black "chabin"]
[Result "0-1"]
[WhiteElo "1814"]
[BlackElo "1398"]

1. e4 c5 2. Nf3 e6 3. b3 Nf6 4. e5 Nd5 5. c4 Nf4 6. d4 Ng6 7. d5 Be7 8. d6 Bf8
9. Bg5 Qa5+ 10. Qd2 Qb6 11. Na3 a6 12. Nc2 Nc6 13. Rb1 h6 14. Be3 Ncxe5 15. b4
Bxd6 16. Be2 Qc7 17. O-O cxb4 18. Nxb4 Nxf3+ 19. Bxf3 Bxh2+ 20. Kh1 Be5 21. Nd3
Qxc4 22. Rfc1 Qh4+ 23. Kg1 Qf6 24. Bxb7 Bxb7 25. Rxb7 d6 26. Nxe5 Qxe5 27. Bd4
Qd5 28. Rcb1 O-O 29. Qc3 Nf4 30. Qf3 Qxd4 31. Rd7 Ng6 32. Rbb7 Ne5 33. Qe3 Qxe3
34. fxe3 Nxd7 35. Rxd7 d5 36. Kf2 Rfc8 37. Kf3 Rc2 38. g4 Rxa2 39. Kf4 Rf2+ 0-1

[Event "Challenge"]
[Site "http://www.queenalice.com/game.php?id=597940"]
[Date "2009.6.3"]
[Round "-"]
[White "chabin"]
[Black "Canaye"]
[Result "0-1"]
[WhiteElo "1428"]
[BlackElo "1931"]

1. c4 e6 2. a3 d5 3. cxd5 exd5 4. d4 c5 5. Nf3 c4 6. Nc3 Nc6 7. g3 Nf6 8. Bd2
Bd6 9. Qc1 O-O 10. Bg2 Re8 11. Bg5 Bg4 12. O-O Bxf3 13. Bxf3 Nxd4 14. Qd1 Nxf3+
15. exf3 Be5 16. Nxd5 Qxd5 17. Bxf6 Qxd1 18. Raxd1 Bxf6 19. Rc1 b5 20. f4 Rac8
21. h3 c3 22. b3 a5 23. g4 b4 24. a4 Re2 25. g5 Bd4 26. Rcd1 Rd2 27. Kg2 Re8 28.
Kf3 Ree2 29. Rde1 Rxe1 30. Rxe1 Kf8 0-1

[Event "Kraj´s Challenge"]
[Site "http://www.queenalice.com/game.php?id=601623"]
[Date "2009.6.11"]
[Round "-"]
[White "chabin"]
[Black "Krajnicov"]
[Result "1-0"]
[WhiteElo "1458"]
[BlackElo "1402"]

1. c4 e5 2. Nc3 c6 3. a3 Qf6 4. e3 Bc5 5. Qc2 g6 6. Ne4 Qe7 7. b3 f5 8. Nc3 e4
9. Bb2 Nf6 10. Nge2 h5 11. Nf4 Na6 12. Nxg6 Qh7 13. Nxh8 Qxh8 14. Na4 Bd6 15. b4
h4 16. b5 Nc5 17. b6 axb6 18. Nxb6 Rb8 19. Bd4 Qh5 20. Bxf6 Bc7 21. Be2 Qg6 22.
Nxd7 Bxd7 23. Bxh4 Qxg2 24. O-O-O Be5 25. Bg3 Bxg3 26. hxg3 Ke7 27. Qc3 Qxf2 28.
Qe5+ Kf7 29. Bh5+ Kg8 30. Qxb8+ Kg7 31. Kc2 Be6 32. Qc7+ Kf6 33. Rhf1 Qh2 34.
Qd8+ Ke5 35. Qh8+ Kd6 36. Qd4+ Kc7 37. Qxc5 Qxh5 38. Qe7+ Kb6 39. Qxe6 Qe2 40.
Rb1+ Ka5 41. Qxf5+ Ka6 42. Qxe4 Qh5 43. Qd4 c5 44. Qd6+ Ka7 45. Qb6+ Kb8 46.
Qxb7# 1-0

[Event "Challenge"]
[Site "http://www.queenalice.com/game.php?id=601792"]
[Date "2009.6.11"]
[Round "-"]
[White "chabin"]
[Black "chapichapo"]
[Result "0-1"]
[WhiteElo "1468"]
[BlackElo "1834"]

1. c4 e5 2. a3 Nf6 3. e3 Bc5 4. Nc3 c6 5. b4 Bb6 6. c5 Bc7 7. Bb2 d5 8. Qc2 O-O
9. O-O-O d4 10. exd4 Qxd4 11. Nge2 Qxf2 12. g3 Bf5 13. d3 a5 14. h3 axb4 15.
axb4 Na6 16. Qb3 Qe3+ 17. Rd2 Rfd8 18. Ng1 e4 19. g4 Be6 20. Qc2 Nxb4 21. Qb1
Bf4 0-1

[Event "Challenge"]
[Site "http://www.queenalice.com/game.php?id=602732"]
[Date "2009.6.13"]
[Round "-"]
[White "Canaye"]
[Black "chabin"]
[Result "1-0"]
[WhiteElo "1975"]
[BlackElo "1466"]

1. e4 e5 2. f4 exf4 3. Nf3 d6 4. Bc4 Nh6 5. O-O Nd7 6. d4 Be7 7. Bxf4 O-O 8.
Bxh6 gxh6 9. Nc3 Re8 10. e5 dxe5 11. Nxe5 Nxe5 12. dxe5 Qxd1 13. Bxf7+ Kh8 14.
Raxd1 Rf8 15. Nd5 Bc5+ 16. Kh1 Bg4 17. Rde1 Kg7 18. e6 c6 19. Nf6 1-0

[Event "leçon pour "]
[Site "http://www.queenalice.com/game.php?id=610732"]
[Date "2009.6.29"]
[Round "-"]
[White "Canaye"]
[Black "chabin"]
[Result "1-0"]
[WhiteElo "1977"]
[BlackElo "1464"]

1. e4 c5 2. Bc4 e6 3. d4 cxd4 4. Qxd4 Nc6 5. Qd1 Qc7 6. Nf3 a6 7. Nc3 g6 8. O-O
Nf6 9. Re1 Bg7 10. a3 O-O 11. Be3 b6 12. Qd2 Ng4 13. Bf4 Be5 14. Nxe5 Ncxe5 15.
Bb3 f6 16. h3 Qc5 17. hxg4 Nxg4 18. Be3 Qh5 19. Bf4 Rf7 20. Ne2 e5 21. Bxf7+
Kxf7 22. Qd5+ Kg7 23. Qxa8 exf4 24. Qxc8 Qh2+ 25. Kf1 f3 26. Qxd7+ 1-0

[Event "Challenge"]
[Site "http://www.queenalice.com/game.php?id=617685"]
[Date "2009.7.12"]
[Round "-"]
[White "pacou93"]
[Black "chabin"]
[Result "1/2-1/2"]
[WhiteElo "1810"]
[BlackElo "1470"]

1. e4 c5 2. Nf3 e6 3. c3 a6 4. d4 cxd4 5. cxd4 Qc7 6. g3 Nf6 7. Qe2 Qxc1+ 8. Qd1
Qxd1+ 9. Kxd1 Nxe4 10. Ke2 Nc6 11. Nc3 Nd6 12. Bg2 Nf5 13. Rhd1 Bb4 14. Ne4 d5
15. Nc3 O-O 16. Kf1 a5 17. Nb5 b6 18. a3 Be7 19. Rac1 Ba6 20. a4 Nb4 21. Kg1 Na2
22. Ra1 Nb4 23. Rac1 g5 24. Ne5 Rfd8 25. Nc6 Rd7 26. Ne5 Rdd8 27. Nc6 Rdc8 28.
Nxe7+ Nxe7 29. Nc7 Na2 30. Nxa8 Rxc1 31. Rxc1 Nxc1 32. Nxb6 Nb3 33. Nd7 Nxd4 34.
Ne5 Be2 35. Bf1 Bd1 36. Bb5 Nf3+ 37. Nxf3 Bxf3 38. Kf1 e5 39. Ke1 e4 40. Kd2 d4
41. b3 1/2-1/2

[Event "Challenge"]
[Site "http://www.queenalice.com/game.php?id=617686"]
[Date "2009.7.12"]
[Round "-"]
[White "chabin"]
[Black "pacou93"]
[Result "0-1"]
[WhiteElo "1462"]
[BlackElo "1753"]

1. d4 Nf6 2. a3 d5 3. Nc3 Bf5 4. Nf3 e6 5. e3 Bd6 6. Bd2 O-O 7. g3 c5 8. dxc5
Bxc5 9. Bg2 Nc6 10. O-O Qd7 11. Re1 e5 12. Bh1 Bg4 13. Qc1 e4 14. Nd4 Bxd4 15.
exd4 Nxd4 16. Be3 Nf3+ 17. Bxf3 Bxf3 18. Ne2 Nh5 19. Nd4 Qh3 20. Nxf3 exf3 0-1

[Event "the revenge "]
[Site "http://www.queenalice.com/game.php?id=622556"]
[Date "2009.7.21"]
[Round "-"]
[White "BESO"]
[Black "chabin"]
[Result "1-0"]
[WhiteElo "1500"]
[BlackElo "1472"]

1. d4 d5 2. Bg5 Bf5 3. Nf3 Nc6 4. e3 a6 5. c4 Nb4 6. Na3 f6 7. Bf4 c6 8. Be2 g5
9. Qd2 e5 10. dxe5 gxf4 11. Qc3 fxe3 12. O-O exf2+ 13. Rxf2 Bc5 14. Nd4 fxe5 15.
Nxf5 Qf6 16. Bh5+ Kd8 17. Kh1 Bxf2 18. Qxb4 Qxf5 19. Qd6+ Qd7 20. Qxe5 1-0

[Event "branlee numero 11"]
[Site "http://www.queenalice.com/game.php?id=623684"]
[Date "2009.7.24"]
[Round "-"]
[White "Canaye"]
[Black "chabin"]
[Result "1-0"]
[WhiteElo "2028"]
[BlackElo "1472"]

1. e4 b6 2. d4 Bb7 3. Bd3 e6 4. c4 Nc6 5. Ne2 Nf6 6. O-O Qe7 7. Nbc3 d6 8. f4 g6
9. Qc2 Nb4 10. Qd2 e5 11. d5 Bc8 12. Bb1 c6 13. a3 Na6 14. dxc6 1-0

[Event "Challenge"]
[Site "http://www.queenalice.com/game.php?id=648840"]
[Date "2009.9.7"]
[Round "-"]
[White "pacou93"]
[Black "chabin"]
[Result "0-1"]
[WhiteElo "1819"]
[BlackElo "1471"]

1. e4 c5 2. Nf3 e6 3. d4 cxd4 4. Nxd4 g6 5. Nc3 Bg7 6. Be3 a6 7. g3 Qc7 8. Bg2
Ne7 9. O-O O-O 10. Qd2 Re8 11. Bh6 Bh8 12. f4 Qc5 13. Ne2 Nbc6 14. c3 Na5 15. b4
Nc4 16. bxc5 Nxd2 17. Rfd1 Nc4 18. Bg5 f6 19. Bh6 Ne3 20. Rd3 Ng4 21. f5 Nxh6
22. fxe6 dxe6 23. Rb1 e5 24. Nc2 Bg7 25. Na3 Bf8 26. Rd6 Ng4 27. h3 Nc6 28. hxg4
Bxd6 29. cxd6 Bxg4 30. Kf2 Rf8 31. Nc1 f5 32. Nb3 f4 33. gxf4 Rxf4+ 34. Ke3 Raf8
35. Kd3 Rf2 0-1

[Event "Challenge"]
[Site "http://www.queenalice.com/game.php?id=648985"]
[Date "2009.9.7"]
[Round "-"]
[White "chabin"]
[Black "BESO"]
[Result "0-1"]
[WhiteElo "1515"]
[BlackElo "1728"]

1. b4 e6 2. Bb2 d5 3. e3 Nf6 4. a3 a6 5. g3 g6 6. Nf3 Bg7 7. b5 b6 8. a4 Bd7 9.
h3 O-O 10. Ra2 axb5 11. Nc3 bxa4 12. Ne2 c5 13. Rg1 Nc6 14. h4 h5 15. Bh3 Qc7
16. Kf1 e5 17. Bxd7 Nxd7 18. g4 e4 19. Bxg7 Kxg7 20. Ng5 Qh2 21. gxh5 Rae8 22.
hxg6 fxg6 23. Nf4 Rxf4 24. exf4 Nf6 25. f5 Ne5 26. Ra3 Nf3 27. Rxf3 exf3 28.
Nxf3 Qh3+ 29. Rg2 Qxf5 0-1

[Event "Challenge"]
[Site "http://www.queenalice.com/game.php?id=648986"]
[Date "2009.9.7"]
[Round "-"]
[White "chabin"]
[Black "Canaye"]
[Result "1/2-1/2"]
[WhiteElo "1501"]
[BlackElo "1986"]

1. f4 e6 2. Nf3 d5 3. b3 c5 4. Bb2 d4 5. d3 Nc6 6. g3 b5 7. Bg2 Rb8 8. Nbd2 Nge7
9. Ne4 Nf5 10. Bc1 Nb4 11. O-O Nd5 12. Qd2 Nde3 13. Rf2 Be7 14. a3 h5 15. Bh3 h4
16. g4 Nh6 17. Ne5 Bb7 18. b4 cxb4 19. axb4 f5 20. Ng6 Nhxg4 21. Nxh8 Nxf2 22.
Kxf2 fxe4 23. Bb2 Nf5 24. dxe4 Bxe4 25. Ra6 Qd5 26. Ng6 Rc8 27. Nxe7 Kxe7 28. c3
d3 29. Rxa7+ Kf8 30. exd3 Bxd3 31. Kg1 Qf3 32. Bg2 Qe2 33. Qxe2 Bxe2 34. Kf2 Bc4
35. Rd7 Ra8 36. Bxa8 Ke8 37. Bc6 Kf8 38. Ra7 Ne7 39. Bd7 Nd5 40. Kf3 Nf6 41. Bc6
Kg8 42. Ra5 Kf7 43. Bxb5 Bd5+ 44. Kf2 Ng4+ 45. Kg1 Kf6 46. Bd3 Bf3 47. Ba3 Ne3
48. b5 Nd5 49. Ra8 Nxf4 50. Rf8+ Ke5 51. Bb2 Nxd3 52. Rxf3 Nxb2 53. b6 Kd6 54.
b7 Kc7 55. Rf7+ Kb8 56. Rxg7 e5 57. Rh7 Nc4 58. Rxh4 Kxb7 59. Rxc4 Kb6 60. h4
Kb5 61. Re4 Kc5 62. Rxe5+ Kc4 63. h5 Kxc3 64. h6 Kd4 65. Re8 Kd5 66. h7 Kd6 67.
h8=Q Kd5 68. Ra8 Kc6 69. Qg7 Kb6 70. Qa7+ Kc6 71. Qa5 Kd6 72. Ra6+ Kd7 73. Qb6
Ke7 1/2-1/2

[Event "Challenge"]
[Site "http://www.queenalice.com/game.php?id=709206"]
[Date "2010.1.6"]
[Round "-"]
[White "chabin"]
[Black "chapichapo"]
[Result "1-0"]
[WhiteElo "1538"]
[BlackElo "1798"]

1. d4 Nf6 2. e3 g6 3. Bd3 Bg7 4. Bd2 d5 5. Nc3 O-O 6. Nge2 c6 7. O-O Bg4 8. f3
Be6 9. Nf4 Na6 10. Nxe6 fxe6 11. e4 dxe4 12. fxe4 Nb4 13. e5 Qxd4+ 14. Kh1 Qxe5
15. Be2 Rad8 16. a3 Na6 17. Qc1 Rd7 18. Bf4 Qa5 19. b4 Qb6 20. Be3 Qc7 21. Bxa7
Rfd8 22. Na4 Ne4 23. Bb6 Qb8 24. Bxd8 Bxa1 25. Qxa1 Qxd8 26. Bc4 Nd2 27. Bxe6#
1-0

[Event "Challenge"]
[Site "http://www.queenalice.com/game.php?id=709207"]
[Date "2010.1.6"]
[Round "-"]
[White "pacou93"]
[Black "chabin"]
[Result "1-0"]
[WhiteElo "1720"]
[BlackElo "1559"]

1. e4 c5 2. Nf3 Nc6 3. d4 cxd4 4. Nxd4 Ne5 5. Nc3 e6 6. Bf4 Bd6 7. Bxe5 Bxe5 8.
Be2 Nf6 9. O-O O-O 10. f4 Bc7 11. e5 Nd5 12. Nxd5 exd5 13. Bd3 1-0

[Event "Challenge"]
[Site "http://www.queenalice.com/game.php?id=709208"]
[Date "2010.1.6"]
[Round "-"]
[White "chabin"]
[Black "Vladimir"]
[Result "1-0"]
[WhiteElo "1513"]
[BlackElo "1783"]

1. c4 e5 2. e3 Nf6 3. Nc3 Bb4 4. a3 Bxc3 5. bxc3 c6 6. c5 b6 7. cxb6 axb6 8. Nf3
e4 9. Nd4 Bb7 10. Nf5 O-O 11. Bb2 d5 12. Be2 Ba6 13. O-O c5 14. Bxa6 Rxa6 15. d4
c4 16. a4 Nc6 17. Ba3 Re8 18. h4 g6 19. Ng3 h5 20. Ne2 Ng4 21. Nf4 Qxh4 22. Nh3
Ne7 23. Bd6 Nf5 24. Bf4 f6 25. Qb1 Re6 26. Qb5 Ra5 27. Qd7 Rd6 28. Bxd6 Nxd6 29.
Qxd6 f5 30. Qb8+ Kh7 31. Qxb6 Ra8 32. Qb7+ 1-0

[Event "Challenge"]
[Site "http://www.queenalice.com/game.php?id=709209"]
[Date "2010.1.6"]
[Round "-"]
[White "chabin"]
[Black "BESO"]
[Result "0-1"]
[WhiteElo "1564"]
[BlackElo "1837"]

1. c4 e5 2. e3 Nf6 3. Bd3 c5 4. Nc3 Nc6 5. a3 g6 6. Nf3 Bg7 7. O-O O-O 8. Nb5 e4
9. Bxe4 Nxe4 10. Qc2 d5 11. cxd5 Bf5 12. d3 Nd4 13. exd4 Nd6 14. Nxd6 Qxd6 15.
Qxc5 Qb6 16. Qxb6 axb6 17. Bf4 Bxd3 18. Rfe1 f5 19. Ng5 Rfd8 20. Re7 Bc4 21. Ne6
Bf6 22. Rxb7 Rxd5 0-1

[Event "Challenge"]
[Site "http://www.queenalice.com/game.php?id=709211"]
[Date "2010.1.6"]
[Round "-"]
[White "Canaye"]
[Black "chabin"]
[Result "1-0"]
[WhiteElo "1940"]
[BlackElo "1540"]

1. d4 d5 2. c4 dxc4 3. Nc3 Bf5 4. e4 Bd7 5. f4 Nf6 6. Nf3 e6 7. Bxc4 Be7 8. O-O
O-O 9. h3 Nh5 10. g4 Nf6 11. a3 Ne8 12. Kg2 g6 13. b4 Nd6 14. Bd3 Nc6 15. Qc2 f6
16. e5 fxe5 17. fxe5 Nf7 18. Bd2 g5 19. Bxh7+ Kh8 20. Qg6 Qe8 21. Ne4 Rg8 22.
Bxg8 Qxg8 23. Qxg8+ Rxg8 24. Nc5 Bc8 25. Be3 b6 26. Ne4 Bb7 27. Nf6 Rg6 28. Kg3
a5 29. h4 1-0

[Event "Challenge"]
[Site "http://www.queenalice.com/game.php?id=709212"]
[Date "2010.1.6"]
[Round "-"]
[White "chabin"]
[Black "enzoiazo"]
[Result "0-1"]
[WhiteElo "1515"]
[BlackElo "2201"]

1. d4 Nf6 2. e3 d5 3. Bd3 c5 4. dxc5 Qa5+ 5. Bd2 Qxc5 6. Nc3 e5 7. Na4 Qc7 8.
Ne2 a6 9. O-O Bd7 10. b3 Nc6 11. c3 Bd6 12. Ng3 h5 13. Nf5 Bf8 14. Nh4 e4 15.
Be2 Bd6 16. g3 g5 17. Ng2 h4 18. f4 hxg3 19. hxg3 g4 20. Kf2 O-O-O 21. a3 Rh3
22. Rh1 Rdh8 23. Nh4 Na5 24. Rc1 Rxh1 25. Qxh1 Nxb3 26. Rc2 Bxa4 0-1

[Event "Challenge"]
[Site "http://www.queenalice.com/game.php?id=768827"]
[Date "2010.5.1"]
[Round "-"]
[White "chabin"]
[Black "enzoiazo"]
[Result "0-1"]
[WhiteElo "1549"]
[BlackElo "2024"]

1. e4 Nf6 2. e5 Nd5 3. c4 Nb6 4. b3 d5 5. c5 N6d7 6. d4 b6 7. b4 a5 8. Ba3 axb4
9. Bxb4 bxc5 10. Bxc5 Nxc5 11. dxc5 Bf5 12. Nc3 e6 13. Qb3 Bxc5 14. Nf3 O-O 15.
Bb5 c6 16. Be2 Nd7 17. O-O Qc7 18. Na4 Rfb8 19. Qd1 Be7 20. Nc3 Nxe5 21. Nd4 Bg6
22. a4 Bb4 23. Na2 Nd7 0-1

[Event "Challenge"]
[Site "http://www.queenalice.com/game.php?id=794868"]
[Date "2010.6.25"]
[Round "-"]
[White "chabin"]
[Black "Canaye"]
[Result "1-0"]
[WhiteElo "1547"]
[BlackElo "1846"]

1. d4 e6 2. e4 d5 3. e5 c5 4. c3 Nc6 5. Nf3 cxd4 6. cxd4 Qb6 7. Nc3 Bb4 8. a3
Bxc3+ 9. bxc3 Nge7 10. Bd3 Bd7 11. O-O O-O 12. Bc2 f6 13. Qd3 g6 14. exf6 Rxf6
15. Bh6 Qc7 16. h4 Nf5 17. Bg5 Rf7 18. g4 Ng3 19. Rfe1 Ne4 20. Rxe4 dxe4 21.
Qxe4 Ne7 22. Qd3 Bc6 23. Ne5 Raf8 24. Nxf7 Rxf7 25. c4 Rf3 26. Qe2 Rh3 27. Qxe6+
Kf8 28. Qf6+ Ke8 29. d5 Nxd5 30. Re1+ Ne3 31. Qe6+ Kf8 32. Bh6+ 1-0